1172 1654 1311 1469 1111 1312 1230 1793 1810 1208 1680 1472 1693 1032 1541 1331 1704 1614 1728 1830 1877 1647 1408 1589 1315 1702 1747 1236 1233 1903 1797 1486 1218 1516 1184 1786 1487 1167 1871 1112 1553 1181 1989 1740 1685 1996 1876 1983 1583 1039 1845 1828 1257 1227 1751 1314 1154 1603 1913 1364 1985 1079 1842 1954 1561 1190 1819 1739 1012 1204 1305 1066 1014 1602 1011 1525 1326 1856 1666 1591 1803 1634 1800 1697 1337 1575 1420 1102 1310 1362 1671 1317 1490 1164 1983 1384 1536 1406 1389 BCNSPRNW ULIB Ver.6.0+V

เปลี่ยนเป็นภาษาไทย

Change to English
 แสดงรายละเอียดบรรณานุกรม
  กลับหน้าหลัก

Brief Record : Get Marc (ISO 2709) : E-mail record : QR code < ปิดหน้าต่าง
LEADER : 00000nam a2200000Ia 4500
001    13399122251
003     ULIB
008    081107s2012 us a bf 001 0 eng d
020    1582554013
060 04 ^aQZ4^bP363
245 00 ^aMePathophysiology made incredibly easy!/^c
250    ^a3rd ed.
260    ^aPhiladelphia :^bWolters Kluwer Health/Lippincott Williams ,^c2005
300    ^avi, 954 p. :^bill. (some col.) ;^c24 cm. +^e1 computer
500    ^aSend to Single Search
504    ^aIncludes bibliographical references and index
945    ^p1475^l0^i019058
995    ^a Kesorn
999 ^a ใช้งานได้ทุกระบบ
รายการนี้ยังไม่มีแท็ก
คุณยังไม่ได้ล็อกอิน คุณสามารถมีกิจกรรมร่วมกับเว็บไซต์ได้ แต่ต้องล็อกอินก่อน ::
  ล็อกอิน

รายการสื่อสารสนเทศ

ลำดับที่ ประเภท เลขเรียก/บาร์โค้ด สถานที่ สถานะ
1. วิทยาศาสตร์การแพทย์ และสุขภาพ
วิทยาศาสตร์การแพทย์ และสุขภาพ
สถานะ=หนังสือเก่า
QZ4 P363 ฉ.1 
  Barcode: 019058
ห้องสมุดวิทยาเขตสวรรค์ประชารักษ์
►ส่วนจัดเก็บหนังสือเก่า สปร
บนชั้น
  ขอยืม

BibComment


ยังไม่เคยถูกคอมเมนท์

คอมเมนท์ทรัพยากรรายการนี้
  คอมเมนท์: MePathophysiolog..


 Copyright 2026. Bcnsprnw @Library